Complex variables and the Laplace transform for engineers (Record no. 13856)

000 -LEADER
fixed length control field 00606nam a22002051 4500
001 - CONTROL NUMBER
control field 13856
003 - CONTROL NUMBER IDENTIFIER
control field BD-DhUET
008 - FIXED-LENGTH DATA ELEMENTS--GENERAL INFORMATION
fixed length control field 840622s1961 nyua b 000 0 eng
040 ## - CATALOGING SOURCE
Original cataloging agency DLC
Transcribing agency DLC
Modifying agency BD-DhUET
082 00 - DEWEY DECIMAL CLASSIFICATION NUMBER
Classification number 517.862
Item number LEP/1961
100 ## - MAIN ENTRY--PERSONAL NAME
Personal name LePage, Wilbur R.
245 10 - TITLE STATEMENT
Title Complex variables and the Laplace transform for engineers
250 ## - EDITION STATEMENT
Edition statement 1st ed.
260 ## - PUBLICATION, DISTRIBUTION, ETC. (IMPRINT)
Place of publication, distribution, etc. Bombay
Name of publisher, distributor, etc. McGraw-Hill
Date of publication, distribution, etc. 1961
300 ## - PHYSICAL DESCRIPTION
Extent xvi, 475 p.
Other physical details ill.
Dimensions 24 cm.
490 ## - SERIES STATEMENT
Series statement International series in pure and applied mathematics
504 ## - BIBLIOGRAPHY, ETC. NOTE
Bibliography, etc Includes bibliographies
650 #0 - SUBJECT ADDED ENTRY--TOPICAL TERM
Topical term or geographic name as entry element Calculus - Complex variables
942 ## - ADDED ENTRY ELEMENTS (KOHA)
Koha item type General Book
Holdings
Piece designation (barcode) Source of classification or shelving scheme Copy number Shelving location Koha normalized classification for sorting Lost status Damaged status Price effective from Withdrawn status Location (home branch) Date acquired Not for loan Sublocation or collection (holding branch) Koha item type Koha full call number Koha date last seen
40116 1Circulation section517_862000000000000_LEP_1961  2015-03-05 Central Library, BUET2015-03-05 Central Library, BUETGeneral Book517.862/LEP/19612015-03-05
24385 2Circulation section517_862000000000000_LEP_1961  2015-03-05 Central Library, BUET2015-03-05 Central Library, BUETGeneral Book517.862/LEP/19612015-03-05
6374 3Circulation section517_862000000000000_LEP_1961  2015-03-07 Central Library, BUET2015-03-07 Central Library, BUETGeneral Book517.862/LEP/19612015-03-07
51027 4Circulation section517_862000000000000_LEP_1961  2015-03-07 Central Library, BUET2015-03-07 Central Library, BUETGeneral Book517.862/LEP/19612015-03-07
20963 5Circulation section517_862000000000000_LEP_1961  2015-03-07 Central Library, BUET2015-03-07 Central Library, BUETGeneral Book517.862/LEP/19612015-03-07
42659 6Circulation section517_862000000000000_LEP_1961  2015-03-07 Central Library, BUET2015-03-07 Central Library, BUETGeneral Book517.862/LEP/19612015-03-07
40115 7Circulation section517_862000000000000_LEP_1961  2015-03-07 Central Library, BUET2015-03-07 Central Library, BUETGeneral Book517.862/LEP/19612015-03-07
39671 8Circulation section517_862000000000000_LEP_1961  2015-03-07 Central Library, BUET2015-03-07 Central Library, BUETGeneral Book517.862/LEP/19612015-03-07
39670 9Circulation section517_862000000000000_LEP_1961  2015-03-07 Central Library, BUET2015-03-07 Central Library, BUETGeneral Book517.862/LEP/19612015-03-07
42660 10Circulation section517_862000000000000_LEP_1961  2015-03-07 Central Library, BUET2015-03-07 Central Library, BUETGeneral Book517.862/LEP/19612015-03-07
42661 11Circulation section517_862000000000000_LEP_1961  2015-03-09 Central Library, BUET2015-03-09 Central Library, BUETGeneral Book517.862/LEP/19612015-03-09
51026 12Circulation section517_862000000000000_LEP_1961  2015-03-09 Central Library, BUET2015-03-09 Central Library, BUETGeneral Book517.862/LEP/19612015-03-09
2039 13Circulation section517_862000000000000_LEP_1961  2015-05-03 Central Library, BUET2015-05-03 Central Library, BUETGeneral Book517.862/LEP/19612015-05-03
6375 14Circulation section517_862000000000000_LEP_1961  2015-05-03 Central Library, BUET2015-05-03 Central Library, BUETGeneral Book517.862/LEP/19612015-05-03
2041 15Circulation section517_862000000000000_LEP_1961  2015-05-03 Central Library, BUET2015-05-03 Central Library, BUETGeneral Book517.862/LEP/19612015-05-03
2040 16Circulation section517_862000000000000_LEP_1961  2015-05-03 Central Library, BUET2015-05-03 Central Library, BUETGeneral Book517.862/LEP/19612015-05-03